[Event "Let's Play!"]
[Site "http://www.queenalice.com/game.php?id=1455592"]
[Date "2016.12.20"]
[Round "-"]
[White "digger"]
[Black "kamicrazy"]
[Result "0-1"]
[WhiteElo "1694"]
[BlackElo "1442"]

1. d4 e6 2. e4 d5 3. e5 c5 4. c3 Nc6 5. Qa4 a6 6. Bb5 axb5 7. Qxa8 cxd4 8. cxd4
Nxd4 9. Kd1 Qc7 10. Na3 b4 11. Qa4+ Nc6 12. Nb5 Qxe5 13. f3 f5 14. Qb3 Nd4 15.
Qa4 Bd7 16. Qa8+ Ke7 17. Nxd4 Qxd4+ 18. Bd2 Qxb2 19. Rc1 Bc6 20. Qa5 b3 21. axb3
Qxb3+ 22. Ke1 Kf6 23. Bc3+ e5 24. f4 d4 25. Qxe5+ Kg6 26. Qxd4 Bxg2 27. Qe3 Bxh1
28. Qg3+ Kf7 29. Qe3 Bb4 30. Kd2 Qb2+ 31. Rc2 Qb1 32. Ne2 Be4 33. Rc1 Qd3+ 34.
Qxd3 Bxd3 35. Kxd3 Be7 36. Rb1 Kg6 37. Rxb7 Kf7 38. Bb4 h6 39. Ke3 Kf6 40. Kf3
h5 41. h4 g6 42. Rb6+ Kf7 43. Bc3 Rh7 44. Kg3 Nf6 45. Rb7 Ne4+ 46. Kh3 Nf2+ 47.
Kg3 Ne4+ 48. Kf3 Nd6 49. Rb6 Rh8 50. Be5 Rd8 51. Nd4 Nc4 52. Rb7 Nxe5+ 53. fxe5
Rxd4 54. Ra7 Rxh4 55. Rd7 Ke6 56. Rb7 f4 57. Ke4 g5 58. Rb6+ Kf7 59. Kf5 f3 60.
Rb1 f2 61. e6+ Kg7 62. Rf1 Rh2 63. Ke5 g4 64. Kf4 Kf6 65. Kg3 Rh3+ 66. Kg2 Rf3
67. Kh2 g3+ 68. Kg2 Kxe6 69. Kxf3 Bc5 70. Kxg3 Kf6 71. Kh4 Kg6 72. Kg3 Kg5 73.
Kf3 h4 74. Kg2 Kg4 75. Kh2 h3 76. Rc1 Bd6+ 77. Kh1 Kg3 78. Rd1 Bb4 79. Rd3+ Kg4
80. Rd4+ Kf3 81. Rd1 Be1 82. Rd3+ Ke2 83. Rd8 f1=Q+ 84. Kh2 Qg2# 0-1

[Event "Let's Play!"]
[Site "http://www.queenalice.com/game.php?id=1455593"]
[Date "2016.12.20"]
[Round "-"]
[White "kamicrazy"]
[Black "digger"]
[Result "0-1"]
[WhiteElo "1543"]
[BlackElo "1544"]

1. e4 e5 2. d4 exd4 3. Qxd4 d6 4. c4 c5 5. Qd5 Nf6 6. Qd3 Qe7 7. Nc3 Bf5 8. f3
Bd7 9. Nd5 Nxd5 10. cxd5 a6 11. b3 Qe5 12. Rb1 b5 13. Be3 a5 14. f4 Qf6 15. g3
b4 16. a4 bxa3 17. Qc2 a4 18. Bh3 axb3 19. Bxd7+ Nxd7 20. Qxb3 a2 21. Rc1 a1=Q
22. Rxa1 Qxa1+ 23. Qd1 Qc3+ 24. Bd2 Qa1 25. Qxa1 Rxa1+ 26. Ke2 Nf6 27. e5 dxe5
28. Bc3 Ra2+ 29. Kd3 Nxd5 30. fxe5 Ra3 31. Kc4 Rxc3+ 32. Kxd5 Rc1 33. Ke4 Rd1
34. Ke3 c4 35. Ke2 Rd5 36. Nf3 c3 37. Rc1 Bb4 38. Ne1 Rd2+ 39. Ke3 Rxh2 40. Nd3
Ba5 41. Nc5 c2 42. Kd3 O-O 43. Rxc2 Rd8+ 0-1

[Event "Jimgle Bells "]
[Site "http://www.queenalice.com/game.php?id=1456477"]
[Date "2016.12.25"]
[Round "-"]
[White "kamicrazy"]
[Black "Bategoll"]
[Result "0-1"]
[WhiteElo "1550"]
[BlackElo "1754"]

1. d4 d5 2. f4 Nf6 3. e3 e6 4. g4 Bd6 5. g5 Ne4 6. Nc3 f5 7. h4 Bb4 8. Qd3 Bxc3+
9. bxc3 Qe7 10. c4 c6 11. Nf3 Na6 12. Ne5 Nb4 13. Qb3 a5 14. a3 Na6 15. Qb6 Nb8
16. c5 Nd7 17. Nxd7 Qxd7 18. h5 Ra6 19. Bxa6 bxa6 20. Qxa5 Qa7 21. h6 g6 22. Rb1
O-O 23. Rb6 Bd7 24. Rxa6 Qb8 25. Qa4 Nc3 26. Qa5 Qb1 27. Kf2 Qxc2+ 28. Kg3 Ne2+
29. Kh3 Nxc1 30. Rh2 Qe4 31. Ra8 Qxe3+ 32. Kg2 Qe2+ 33. Kg3 Qg4+ 34. Kf2 Qxf4+
0-1

[Event "Jimgle Bells "]
[Site "http://www.queenalice.com/game.php?id=1456478"]
[Date "2016.12.25"]
[Round "-"]
[White "Bategoll"]
[Black "kamicrazy"]
[Result "1-0"]
[WhiteElo "1745"]
[BlackElo "1559"]

1. e4 d5 2. exd5 Qxd5 3. Nc3 Qe5+ 4. Qe2 Qxe2+ 5. Bxe2 e5 6. d3 Nc6 7. Bd2 Be6
8. Nf3 Bd6 9. O-O-O f5 10. Nb5 Bxa2 11. Nxd6+ cxd6 12. b3 e4 13. dxe4 fxe4 14.
Ne1 a5 15. Kb2 Nd4 16. Bg4 h5 17. Bh3 a4 18. Kxa2 axb3+ 19. Kb2 Ra2+ 20. Kc3 b2
21. Rb1 Ne2+ 22. Kb3 Ra5 23. Rxb2 Ra8 24. c4 Nf6 25. Bc3 Nc1+ 26. Kc2 Na2 27. g3
Ra4 28. Rxb7 Rxc4 29. Rb8+ Kf7 30. Rxh8 Rxc3+ 31. Kb2 d5 32. Kxa2 d4 33. Ng2 d3
34. Ne3 d2 35. Rd1 Rc2+ 36. Nxc2 1-0

[Event "Ho Ho ho"]
[Site "http://www.queenalice.com/game.php?id=1456479"]
[Date "2016.12.25"]
[Round "-"]
[White "kamicrazy"]
[Black "Bategoll"]
[Result "0-1"]
[WhiteElo "1568"]
[BlackElo "1745"]

1. d4 f5 2. Qd3 d5 3. Nf3 e6 4. Ng5 Nf6 5. Nxe6 Bxe6 6. Bg5 Be7 7. h4 Nc6 8. Qb5
O-O 9. Qxb7 Nxd4 10. Na3 Bxa3 11. O-O-O Rb8 12. Qxb8 Qxb8 13. bxa3 c5 14. e3 Nb5
15. Bf4 Qb7 16. Bd3 c4 17. a4 Nc3 18. Kd2 Nxd1 19. Rxd1 cxd3 20. cxd3 Qb4+ 21.
Ke2 Qxa4 22. Ra1 Qc2+ 23. Kf3 Qxd3 24. a3 Qe4+ 25. Kg3 Nh5+ 26. Kh2 Nxf4 27. g3
Qg2# 0-1

[Event "Hohoho Marry Christimas"]
[Site "http://www.queenalice.com/game.php?id=1456480"]
[Date "2016.12.25"]
[Round "-"]
[White "Bategoll"]
[Black "kamicrazy"]
[Result "0-1"]
[WhiteElo "1752"]
[BlackElo "1544"]

1. e4 e5 2. Nf3 Nc6 3. Bb5 Nd4 4. Nxd4 exd4 5. Bc4 c5 6. d3 h5 7. Bf4 g5 8. Be5
f6 9. Qf3 d6 10. h3 g4 11. hxg4 hxg4 12. Qg3 Rxh1+ 13. Ke2 fxe5 14. Bxg8 Qg5 15.
Bd5 Qc1 16. Bb3 Qxb2 17. Nd2 Qxa1 0-1

[Event "Challenge"]
[Site "http://www.queenalice.com/game.php?id=1457559"]
[Date "2017.1.2"]
[Round "-"]
[White "eduardocosta"]
[Black "kamicrazy"]
[Result "1-0"]
[WhiteElo "1720"]
[BlackElo "1498"]

1. e3 e5 2. Be2 d5 3. Nf3 e4 4. Nd4 c5 5. Nb3 d4 6. O-O g5 7. d3 Qc7 8. dxe4 Bd6
9. g3 Nf6 10. Bf3 c4 11. Nxd4 Bh3 12. Bg2 g4 13. b3 Nxe4 14. bxc4 Qxc4 15. Nd2
Qc3 16. Nxe4 Qxa1 17. Nxd6+ Kf8 18. Nxb7 Qxa2 19. Nc5 Na6 20. Nd7+ Kg7 21. Ne5
f6 22. Nxg4 Bxg4 23. Qxg4+ 1-0

[Event "Let's Play Chess!"]
[Site "http://www.queenalice.com/game.php?id=1457735"]
[Date "2017.1.3"]
[Round "-"]
[White "Bategoll"]
[Black "kamicrazy"]
[Result "1-0"]
[WhiteElo "1770"]
[BlackElo "1542"]

1. e4 e5 2. Nf3 Nc6 3. Bb5 Nf6 4. c3 Nxe4 5. O-O a6 6. Bxc6 dxc6 7. Nxe5 Bd6 8.
Nf3 Ng5 9. d4 Bg4 10. Be3 h6 11. Nbd2 Qd7 12. Re1 O-O-O 13. b4 Qf5 14. a4 b5 15.
axb5 axb5 16. Qb3 f6 17. d5 cxd5 18. Nd4 Qe5 19. g3 h5 20. Nc6 Qf5 21. Ra8+ Kd7
22. Rxd8+ Rxd8 23. Nxd8 Nh3+ 24. Kf1 Qd3+ 25. Kg2 h4 26. Nb7 Be5 27. Nc5+ 1-0

[Event "Let's Play Chess!"]
[Site "http://www.queenalice.com/game.php?id=1457736"]
[Date "2017.1.3"]
[Round "-"]
[White "kamicrazy"]
[Black "Bategoll"]
[Result "0-1"]
[WhiteElo "1550"]
[BlackElo "1768"]

1. e4 e5 2. c4 d6 3. d4 Qe7 4. d5 f5 5. Bd3 fxe4 6. Bxe4 Nf6 7. Bg5 g6 8. Bxf6
Qxf6 9. Nf3 Bg7 10. g4 Bxg4 11. Nbd2 Nd7 12. h3 Bxf3 13. Qxf3 Qxf3 14. Nxf3 Nc5
15. Ng5 Nxe4 16. Nxe4 O-O-O 17. Ke2 Bh6 18. Nc3 Rdf8 19. Nb5 Kb8 20. a4 Bf4 21.
b4 g5 22. h4 h6 23. c5 a6 24. cxd6 cxd6 25. Nxd6 e4 26. Nxe4 Rd8 27. Rad1 Rhe8
28. Rd4 Be5 29. Rd3 Bb2 30. f3 g4 31. Rd2 Bc3 32. Rd3 gxf3+ 33. Kxf3 Bxb4 34.
Nf6 Rf8 0-1

[Event "Let's Play Chess!"]
[Site "http://www.queenalice.com/game.php?id=1457745"]
[Date "2017.1.3"]
[Round "-"]
[White "Andrei_78"]
[Black "kamicrazy"]
[Result "0-1"]
[WhiteElo "1549"]
[BlackElo "1459"]

1. e4 e5 2. Nf3 Nc6 3. Bb5 a6 4. Bxc6 dxc6 5. O-O Bg4 6. h3 Bxf3 7. Qxf3 Qd6 8.
d3 O-O-O 9. Qxf7 Nh6 10. Qxg7 Bxg7 11. Nc3 b5 12. Bg5 Rdf8 13. b4 c5 14. Nd5
cxb4 15. Be7 Qc6 16. Nxb4 Qc3 17. Bxf8 Bxf8 18. a3 a5 19. Nd5 Qxc2 20. Rac1 Qxd3
21. Rfe1 Bd6 22. Nc3 Bxa3 23. Ne2 Bxc1 24. Nxc1 Qc2 25. g3 b4 26. Kg2 b3 27.
Nxb3 Qxb3 28. Re3 a4 29. Kf1 Rd8 30. Kg2 Rd3 31. Kf3 a3 32. Rxd3 Qxd3+ 33. Kg2
a2 34. h4 Qxe4+ 35. Kh2 a1=Q 36. Kh3 Qah1# 0-1

[Event "Let's Play Chess!"]
[Site "http://www.queenalice.com/game.php?id=1457746"]
[Date "2017.1.3"]
[Round "-"]
[White "Andrei_78"]
[Black "kamicrazy"]
[Result "0-1"]
[WhiteElo "1562"]
[BlackElo "1554"]

1. e4 e5 2. Nf3 Nc6 3. Bc4 Na5 4. Bd3 d5 5. Nxe5 Nc4 6. Bxc4 dxc4 7. Nxc4 Qd4 8.
d3 b5 9. c3 Qc5 10. Ne3 Qe5 11. O-O Be6 12. h3 Bxh3 13. gxh3 Bd6 14. f4 Qe6 15.
f5 Qe5 16. Kf2 Qg3+ 17. Ke2 Qxh3 18. Ke1 Bg3+ 19. Kd2 g6 20. fxg6 hxg6 21. Kc2
f5 22. Rh1 Bh2 23. exf5 gxf5 24. Bd2 f4 25. Nf1 Rd8 26. Bxf4 Qg2+ 27. Nfd2 Nf6
28. Bxc7 Ng4 29. Bxd8 Kxd8 30. a3 Nf2 31. Nf3 Nxd1+ 32. Kxd1 Qxh1+ 33. Ne1 Bg3
34. Nd2 Bxe1 35. Kc2 Rh2 36. Rd1 a5 37. Kb3 Qd5+ 38. c4 a4+ 39. Kb4 Qe5 40. Ka5
Bxd2+ 41. b4 bxc4+ 42. Kxa4 cxd3 43. Rxd2 Rxd2 44. Kb3 Qb2+ 45. Ka4 Rc2 46. Ka5
Qxa3+ 47. Kb5 Rb2 48. Kc4 Rxb4+ 49. Kd5 Qa5+ 50. Ke6 Rb6+ 51. Kf7 Qa7+ 52. Kf8
Qe7+ 53. Kg8 Rg6+ 54. Kh8 Qg7# 0-1

[Event "Let's Play Chess!"]
[Site "http://www.queenalice.com/game.php?id=1457751"]
[Date "2017.1.4"]
[Round "-"]
[White "kamicrazy"]
[Black "rviana"]
[Result "0-1"]
[WhiteElo "1491"]
[BlackElo "1567"]

1. d4 e6 2. e4 Nf6 3. e5 Nd5 4. f4 c5 5. Nf3 Be7 6. Nc3 O-O 7. Bc4 Nb6 8. Nd2
cxd4 9. Nce4 Nc6 10. O-O Nxc4 11. Nxc4 b5 12. Na3 Qb6 13. Nf2 Ba6 14. g4 b4 15.
Nd3 bxa3 16. bxa3 Rac8 17. f5 Bxd3 18. Qxd3 Nxe5 19. Qe2 d3+ 0-1

[Event "Let's Play Chess!"]
[Site "http://www.queenalice.com/game.php?id=1457752"]
[Date "2017.1.4"]
[Round "-"]
[White "rviana"]
[Black "kamicrazy"]
[Result "1-0"]
[WhiteElo "1553"]
[BlackElo "1512"]

1. d4 d5 2. c4 dxc4 3. e4 b5 4. Nf3 f5 5. e5 Nc6 6. Be2 Be6 7. O-O Qd7 8. Nc3 b4
9. d5 Nxe5 10. Nxe5 Qd6 11. Nxc4 Qc5 12. Be3 bxc3 13. Bxc5 cxb2 14. dxe6 bxa1=Q
15. Qd7# 1-0

[Event "Let's Play Chess!"]
[Site "http://www.queenalice.com/game.php?id=1458915"]
[Date "2017.1.11"]
[Round "-"]
[White "kamicrazy"]
[Black "Quanah4"]
[Result "0-1"]
[WhiteElo "1468"]
[BlackElo "1632"]

1. e4 c5 2. d4 cxd4 3. Qxd4 Nf6 4. e5 Nc6 5. Qc3 Ng4 6. f4 e6 7. h3 Bb4 8. hxg4
Bxc3+ 9. Nxc3 a6 10. Nf3 d6 11. g5 dxe5 12. fxe5 O-O 13. Bf4 b5 14. b4 Nxb4 15.
Bd3 Nxd3+ 16. cxd3 Qxd3 17. Rc1 Qd7 18. Ne4 Bb7 19. Rd1 Qe7 20. Nd6 Bxf3 21.
gxf3 Rad8 22. Kf2 f6 23. gxf6 gxf6 24. Bh6 fxe5 25. Bxf8 Qxf8 26. Nb7 Rxd1 27.
Rxd1 Qe7 28. Rg1+ Kf7 29. Na5 Qd6 30. Nb3 Qa3 31. Ra1 Kf6 32. Nc1 Qb2+ 0-1

[Event "Challenge"]
[Site "http://www.queenalice.com/game.php?id=1459988"]
[Date "2017.1.17"]
[Round "-"]
[White "eduardocosta"]
[Black "kamicrazy"]
[Result "0-1"]
[WhiteElo "1714"]
[BlackElo "1570"]

1. e3 e5 2. Be2 c5 3. Nf3 e4 4. Ne5 Bd6 5. Nc4 Qf6 6. O-O b5 7. Nca3 b4 8. Nb5
a6 9. Nxd6+ Qxd6 10. c3 f5 11. cxb4 cxb4 12. d3 Nf6 13. dxe4 Qxd1 14. Rxd1 fxe4
15. Nd2 a5 16. Nc4 Ba6 17. Nd6+ Ke7 18. Nf5+ Ke8 19. Nxg7+ Kf7 20. Bxa6 Rxa6 21.
Nf5 Ne8 22. Ng3 Nf6 23. b3 a4 24. bxa4 Rxa4 25. Bb2 Rc8 26. Rd2 h5 27. Nf5 Rc5
28. Bd4 Rxf5 29. Bxf6 Rxf6 30. Rd4 Re6 31. Rc4 Nc6 32. g3 Na5 33. Rc7 b3 34. Kg2
Rd6 35. Rc3 Rc6 36. Rxc6 dxc6 37. Kh3 Rxa2 38. Rb1 b2 39. Kh4 Nc4 40. Kxh5 Ra1
41. Rxb2 Nxb2 42. h4 Ra5+ 43. Kg4 c5 44. Kf4 c4 45. Kxe4 c3 46. Kd4 c2 47. f4
c1=Q 48. e4 Qc4+ 49. Ke3 Ra3+ 50. Kf2 Qc2+ 51. Kg1 Ra1# 0-1

[Event "Let's Play Chess!"]
[Site "http://www.queenalice.com/game.php?id=1461006"]
[Date "2017.1.24"]
[Round "-"]
[White "kamicrazy"]
[Black "betanio"]
[Result "0-1"]
[WhiteElo "1451"]
[BlackElo "1621"]

1. e4 c5 2. c4 Nc6 3. f4 e5 4. f5 Nf6 5. Nc3 d6 6. Nd5 Nxe4 7. d3 Nf6 8. g4 Nd4
9. Be3 Nxd5 10. cxd5 Be7 11. Ne2 Bh4+ 12. Bf2 Nf3# 0-1

[Event "Let's Play Chess!"]
[Site "http://www.queenalice.com/game.php?id=1461015"]
[Date "2017.1.24"]
[Round "-"]
[White "kamicrazy"]
[Black "zubarev"]
[Result "0-1"]
[WhiteElo "1468"]
[BlackElo "1844"]

1. e4 e5 2. Nf3 Nc6 3. d4 exd4 4. Nxd4 Nge7 5. Nc3 Nxd4 6. Qxd4 Nc6 7. Qd5 d6 8.
Be3 Be6 9. Qb5 Rb8 10. Bxa7 Ra8 11. Qxb7 Nxa7 12. Nb5 Nxb5 13. Qc6+ Bd7 14. Qd5
Be7 15. Bxb5 O-O 16. a4 Rc8 17. a5 c6 18. Bxc6 Bxc6 19. Qd4 Bf6 20. Qb4 Bxe4 21.
Qxe4 Re8 22. Qxe8+ Qxe8+ 23. Kd2 Bxb2 24. Ra2 Bc3+ 25. Kc1 d5 26. a6 d4 27. a7
Ra8 28. Rd1 Qe2 29. Rd3 Qxf2 0-1

[Event "Let's Play Chess!a"]
[Site "http://www.queenalice.com/game.php?id=1461016"]
[Date "2017.1.24"]
[Round "-"]
[White "zubarev"]
[Black "kamicrazy"]
[Result "1-0"]
[WhiteElo "1844"]
[BlackElo "1453"]

1. e4 e5 2. f4 exf4 3. Nf3 d5 4. e5 Nd7 5. d4 g5 6. Bd3 f6 7. O-O c5 8. Nxg5
fxg5 9. Qh5+ Ke7 10. Qxg5+ Ngf6 11. exf6+ Nxf6 12. Bxf4 Rg8 13. Qe5+ Be6 14. Bg5
Bg7 15. Bxf6+ Bxf6 16. Rxf6 Rf8 17. Qxe6# 1-0

[Event "Let's Play Chess!"]
[Site "http://www.queenalice.com/game.php?id=1463916"]
[Date "2017.2.11"]
[Round "-"]
[White "kamicrazy"]
[Black "Useless"]
[Result "1-0"]
[WhiteElo "1533"]
[BlackElo "1654"]

1. e4 e5 2. Nf3 Nf6 3. Nxe5 Qe7 4. d4 c5 5. Bg5 d6 6. f4 dxe5 7. fxe5 cxd4 8.
Qxd4 Nc6 9. Bb5 Qe6 10. Bxc6+ Qxc6 11. exf6 gxf6 12. Bxf6 Bd7 13. Bxh8 Qxc2 14.
Qd2 Qc6 15. Nc3 O-O-O 16. Rf1 Bh6 17. Qd4 Bg4 18. Nd5 Bg5 19. h3 Qc2 20. Qc3+
Qxc3+ 21. Nxc3 Be6 22. e5 Bh4+ 23. Ke2 Bc4+ 24. Kf3 Bxf1 25. Rxf1 Rxh8 26. Kg4
Bd8 27. Rxf7 h5+ 28. Kf4 Re8 29. Rh7 h4 30. Nb5 Rf8+ 31. Ke4 a6 32. Nd6+ Kb8 33.
Nxb7 Bg5 34. e6 Re8 35. Nc5 a5 36. Kf5 Rg8 37. Ne4 Bc1 38. b3 Rxg2 39. a4 Rb2
40. e7 1-0